000 01496cam a2200337 a 4500
999 _c349008
_d349008
001 15224735
003 Nust
005 20180117090026.0
008 080319s2009 caua b 001 0 eng
010 _a 2008272032
020 _a9780495502821
020 _a0495502820
040 _aDLC
_cDLC
_dDLC
050 0 0 _aJF1351
_b.D45 2009
082 _a351
100 1 _aDenhardt, Robert B.
245 1 0 _aPublic administration :
_ban action orientation /
_cRobert B. Denhardt, Janet V. Denhardt.
250 _a6th ed.
260 _aBelmont, CA :
_bThomson/Wadsworth,
_cc2009.
300 _a487 p. :
_bill. ;
_c25 cm.
650 0 _aPublic administration
_vTextbooks.
700 1 _aDenhardt, Janet Vinzant.
856 4 2 _3Contributor biographical information
_uhttp://www.loc.gov/catdir/enhancements/fy1302/2008272032-b.html
856 4 2 _3Publisher description
_uhttp://www.loc.gov/catdir/enhancements/fy1302/2008272032-d.html
856 4 1 _3Table of contents only
_uhttp://www.loc.gov/catdir/enhancements/fy1302/2008272032-t.html
906 _a7
_bcbc
_corigcop
_d3
_encip
_f20
_gy-gencatlg
942 _2ddc
_cBK